[Event "Rondonia-ch"]
[Site "Porto Velho"]
[Date "2024.10.20"]
[Round "6"]
[White "Pereira, Gustavo Soares"]
[Black "De Oliveira, Maysa Silva"]
[Result "0-1"]
[WhiteElo "1800"]
[BlackElo "1661"]
[PlyCount "60"]
[EventDate "2024.10.18"]
[EventType "swiss"]
[EventRounds "6"]
[EventCountry "BRA"]
[SourceTitle "CB44_2024"]
[Source "Chessbase"]
[SourceDate "2024.10.30"]
[SourceVersion "1"]
[SourceVersionDate "2024.10.30"]
[SourceQuality "1"]

1. e4 e6 2. d4 d5 3. exd5 exd5 4. Nf3 Nf6 5. Be2 Bd6 6. Nc3 h6 7. h3 Nc6 8. Be3 0-0 9. Qd2 Ne4 10. Nxe4 dxe4 11. Ne5 Nxe5 12. dxe5 Bxe5 13. 0-0-0 Qf6 14. Bd4 Be6 15. Rhe1 Rfd8 16. Bxe5 Qxe5 17. Qe3 Bxa2 18. Bd3 f5 19. Rd2 Qa5 20. Bf1 Be6 21. Rxd8+ Rxd8 22. c3 Bb3 23. Bd3 Rxd3 24. Qxd3 exd3 25. Kd2 Bc2 26. Re8+ Kh7 27. Rd8 Qe5 28. c4 c5 29. Rd5 Qxb2 30. Ke3 Qc1+ 0-1

[Event "Rondonia-ch"]
[Site "Porto Velho"]
[Date "2024.10.18"]
[Round "2"]
[White "Pereira, Gustavo Soares"]
[Black "Do Carmo, Gabriel Carckeno"]
[Result "0-1"]
[WhiteElo "1800"]
[BlackElo "1941"]
[PlyCount "50"]
[EventDate "2024.10.18"]
[EventType "swiss"]
[EventRounds "6"]
[EventCountry "BRA"]
[SourceTitle "CB44_2024"]
[Source "Chessbase"]
[SourceDate "2024.10.30"]
[SourceVersion "1"]
[SourceVersionDate "2024.10.30"]
[SourceQuality "1"]

1. d4 d5 2. Nf3 Nf6 3. e3 c5 4. c3 Nc6 5. Bd3 Bg4 6. h3 Bh5 7. Nbd2 Qc7 8. 0-0 e5 9. dxe5 Nxe5 10. e4 Nxd3 11. exd5 0-0-0 12. c4 g5 13. g4 Bg6 14. Nxg5 h5 15. Ndf3 hxg4 16. hxg4 Nxg4 17. Qd2 Bd6 18. Kg2 Bf4 19. Qe2 Nxc1 20. Raxc1 Bxg5 21. Nxg5 Qh2+ 22. Kf3 Rde8 23. Rh1 Ne5+ 24. Ke3 Nxc4+ 25. Kf3 Bh5# 0-1